লোডিং...
Marxist economic theory /
| প্রধান লেখক: | |
|---|---|
| বিন্যাস: | Printed Book |
| ভাষা: | English |
| প্রকাশিত: |
Bombay:
Merlin Press,
1968.
|
| সংস্করন: | 2nd ed. |
| বিষয়গুলি: |
| LEADER | 00532 a2200145 4500 | ||
|---|---|---|---|
| 008 | 100208b ||||| |||| 00| 0 eng d | ||
| 082 | |a 335.4 | ||
| 100 | |a Mandel, Earnest. | ||
| 245 | |a Marxist economic theory / | ||
| 250 | |a 2nd ed. | ||
| 260 | |b Merlin Press, |c 1968. |a Bombay: | ||
| 650 | |a Marxian economics | ||
| 942 | |c BK | ||
| 999 | |c 311035 |d 311035 | ||
| 952 | |0 0 |1 0 |2 ddc |4 0 |6 335_400000000000000_MAN_M |7 0 |9 357127 |a ECN |b ECN |c GEN |d 2010-09-07 |e Minerva Bookstall, Trichur |g 0.00 |i 1546 |l 4 |m 1 |o 335.4 MAN/M |p ECN1546 |r 2017-03-03 |s 2016-10-27 |w 2010-09-07 |y BK | ||